00868nam a22002537a 450000500170000001000130001702000250003003500130005503700160006804000120008408200160009610000300011224500630014226000390020527000600024430000250030449000060032950000410033565000300037665000220040694200250042899900190045395201420047220170124105933.0 aB-217658 c700.00a818858392808 aB-217658 bCen Lib/Ret aDPLbEN a302.23bTRI aTripathi, Narendra 97809 aDevelopment of mass communication /cby Narendra Tripathi  aNew Delhi c2005bReference Press bNew Delhi a4831/24, ansari road, dariya ganj e110002 avii, 326p.c21cm(Hb) a  aIncludes bibliographical references  aMass communication 98950 aJournalism 98951 2ddccENh302.23mTRI c124027d124027 00104070aLbLd2015-06-13eCen Lib/Retg700.00l2m1o302.23 TRIpB-217658r2022-10-31 00:00:00s2022-08-22t1v700.00w2015-06-13yEN